Savitribai Phule : (Record no. 164247)

MARC details
000 -LEADER
fixed length control field 00634nam a2200193 4500
005 - DATE AND TIME OF LATEST TRANSACTION
control field 20190514162106.0
010 ## - LCCN (DPL NO)
LC control number ENG-125181
020 ## - INTERNATIONAL STANDARD BOOK NUMBER
International Standard Book Number 9789382968702
Terms of availability 995.00
035 ## - SYSTEM CONTROL NUMBER
System control number EN-108713
037 ## - SOURCE OF ACQUISITION
Source of stock number/acquisition DBAD/PUB
082 ## - DEWEY DECIMAL CLASSIFICATION NUMBER
Classification number 361.240
245 ## - TITLE STATEMENT
Title Savitribai Phule :
Remainder of title pioneer of women empowerment/
Statement of responsibility, etc ed. by Gopu Sudhakar
260 ## - PUBLICATION, DISTRIBUTION, ETC. (IMPRINT)
Place of publication, distribution, etc New Delhi
Name of publisher, distributor, etc Avni Publications
Date of publication, distribution, etc 2018
270 ## - ADDRESS
Address RZ-45 D, Street No.2, Main Sagarpur
City New Delhi
Postal code 110046
Telephone number 09891896481
Electronic mail address avnipublications@gmail.com
300 ## - PHYSICAL DESCRIPTION
Extent xvi,400p.
Dimensions 23p.(Hb)
500 ## - GENERAL NOTE
General note Includes index
700 ## - ADDED ENTRY--PERSONAL NAME
Personal name Sudhakar, Gopu
942 ## - ADDED ENTRY ELEMENTS (KOHA)
Source of classification or shelving scheme Dewey Decimal Classification
Item type English Books
Classification part 361.240
Call number suffix SAV
Holdings
Withdrawn status Lost status Not for loan Collection code Home library Current library Date acquired Source of acquisition Cost, normal purchase price Full call number Barcode Copy number Cost, replacement price Koha item type
    Not For Loan Non-fiction D.B.Act.Division Central Library 14/05/2019 DBAD/PUB 995.00 361.240 SAV EN-108713 1 995.00 English Books

© Delhi Public Library
Hit Counter
free hit counter